|
|
|
|
| LEADER |
01795nam a2200469 i 4500 |
| 001 |
nkc20183045752 |
| 003 |
CZ PrNK |
| 005 |
20181122063602.0 |
| 007 |
ta |
| 008 |
181015s2018 xr acehe 000 0 cze |
| 020 |
|
|
|q (Brožováno)
|
| 040 |
|
|
|a BOA001
|b cze
|e rda
|
| 043 |
|
|
|a e-xr---
|b e-xr-jc
|2 czenas
|
| 045 |
|
|
|a w8y1
|
| 072 |
|
7 |
|a 615.8
|x Fyzioterapie. Psychoterapie. Alternativní lékařství
|2 Konspekt
|9 14
|
| 080 |
|
|
|a 615.838
|2 MRF
|
| 080 |
|
|
|a 615.838(091)
|2 MRF
|
| 080 |
|
|
|a (437.319)
|2 MRF
|
| 080 |
|
|
|a (082.2)
|2 MRF
|
| 100 |
1 |
|
|a Psíková, Jiřina,
|d 1946-
|7 xx0002505
|4 aut
|
| 245 |
1 |
0 |
|a 135 let slatinných lázní v Třeboni :
|b 1883-2018 /
|c text Jiřina Psíková
|
| 246 |
3 |
|
|a Sto třicet pět let slatinných lázní v Třeboni
|
| 264 |
|
1 |
|a Třeboň :
|b Slatinné lázně Třeboň s.r.o.,
|c 2018
|
| 300 |
|
|
|a 53 stran :
|b ilustrace (převážně barevné), portréty, plány, faksimile ;
|c 15 x 21 cm
|
| 336 |
|
|
|a text
|b txt
|2 rdacontent
|
| 336 |
|
|
|a statický obraz
|b sti
|2 rdacontent
|
| 337 |
|
|
|a bez média
|b n
|2 rdamedia
|
| 338 |
|
|
|a svazek
|b nc
|2 rdacarrier
|
| 500 |
|
|
|a Název z obálky
|
| 500 |
|
|
|a Vydáno k 135. výročí založení třeboňských lázní
|
| 610 |
2 |
7 |
|a Slatinné lázně Třeboň
|7 kn20140617005
|2 czenas
|
| 648 |
|
4 |
|a 1883-2018
|
| 648 |
|
7 |
|a 19.-21. století
|7 ch757016
|2 czenas
|
| 650 |
0 |
7 |
|a lázně
|7 ph136956
|z Česko
|y 19.-21. století
|2 czenas
|
| 650 |
0 |
7 |
|a dějiny lázeňství
|7 ph493943
|z Česko
|y 19.-21. století
|2 czenas
|
| 651 |
|
7 |
|a Třeboň (Česko)
|7 ge131179
|2 czenas
|
| 655 |
|
7 |
|a jubilejní publikace
|7 fd131839
|2 czenas
|
| 910 |
2 |
|
|a BOA001
|b 2-1416.537
|
| 990 |
|
|
|a BK
|
| 995 |
|
|
|a 61
|
| 991 |
|
|
|b 201811
|c NOV
|
| 996 |
6 |
|
|b 2610759513
|c 2-1416.537
|l MZK
|r Sklad / do 1 hodiny
|n 1
|p p.v.
|w 001693074
|u 000010
|a 1
|e BOA001
|j MZK50
|s P
|